Normal view
MARC view
- Book L
Entry Topical Term
001 - CONTROL NUMBER
- control field: 106642
003 - CONTROL NUMBER IDENTIFIER
- control field: NUST
005 - DATE AND TIME OF LATEST TRANSACTION
- control field: 20230102134553.0
008 - FIXED-LENGTH DATA ELEMENTS
- fixed length control field: 230102|| aca||aabn | a|a d
040 ## - CATALOGING SOURCE
- Original cataloging agency: NUST
- Transcribing agency: NUST
150 ## - HEADING--TOPICAL TERM
- Topical term or geographic name entry element: Book L
670 ## - SOURCE DATA FOUND
- Source citation: Work cat.: (NUST)185774: Taylor, Stanford E. 106641, edl Word Clues Book M /, 1962
